000 00584nam a2200205Ia 4500
005 20250508163505.0
008 008 250505s9999 xx 000 0 eng d
020 _a81-7024-074-3
037 _aTextual
040 _aFEDL
_beng
_cFEDL
041 _aeng
_2eng
084 _a181.4, AUR
_qFEDL
100 _aRafique M.
_981829
245 0 _aSri Aurobindo's ideal of human life
260 _aNew Delhi, India
_bAshish Publishing House
_c1987
300 _ax,130p.
650 _aOriental Philosophy
_9755543
942 _cTEXL
_h181.4, AUR
999 _c1383649
_d1383649